| 000 | 01167nam a2200337 i 4500 | ||
|---|---|---|---|
| 003 | EG-GICUC | ||
| 005 | 20260121101236.0 | ||
| 008 | 251117s1983 fr d|||fr||| 0000 0 fre d | ||
| 020 | _a2-7111-0473-7 | ||
| 040 |
_aEG-GiCUC _bfre _cEG-GiCUC _dEG-GiCUC _eRda |
||
| 041 | 0 | _afre | |
| 082 | 0 | 4 |
_221 _a338.9 _bPL . D |
| 092 | 0 | 4 | _221 |
| 099 | _aLaw1 13 338.9 PL . D 1983 | ||
| 100 | 1 |
_aPlanque, Bernard _eAuteur |
|
| 245 | 1 | 3 |
_aLe Développement Décentralisé : _bDynamique Spatiale De L'économie Et Planification Régionale / _cBernard Planque, Edmond Lisle, André Piatier. |
| 264 | 1 |
_aParis : _bLitec, _c1983. |
|
| 300 |
_a297page : _btableaux, graphiques ; _c 24cm. |
||
| 336 |
_2rda contenu _a texte |
||
| 337 |
_2rda medias _aOrdinateur |
||
| 338 |
_2 transporteur rda _a Ressource en ligne |
||
| 490 | _aCentre D'economie Regionale | ||
| 546 | _aTexte en français | ||
| 650 | 1 | 4 |
_aFinances publiques et législation fiscale _2qrmak |
| 651 | 1 | _2qrmak | |
| 700 | 1 |
_aLisle, Edmond _ePrésident |
|
| 700 | 1 |
_aPiatier, André _ePrésident |
|
| 856 | 4 | 0 | _uhttps://fll.law.cu.edu.eg/fulltext/bks/B13-07537.pdf |
| 905 | _a70 | ||
| 942 |
_2ddc _cBK _e21 _n0 |
||
| 999 |
_c44013 _d44013 |
||